000 00317nam a2200145Ia 4500
100 _aVang Soren
942 _cBK
654 _aSQL & relational bases
245 _aSQL & Relational Data Bases
260 _bGalgotia
_aNew Delhi
_c1991
082 _a5.72
_bPAN
300 _a269
546 _aENGLISH
999 _c28340
_d28340